000 00764cam a22002533a 4500
001 11717
003 PGUSA
005 20140828083240.0
008 040301s2004||||xxu|||||s|||||000 | eng d
040 _aPGUSA
_beng
042 _adc
050 4 _aPN
100 1 _aRobins, Edward,
_d1862-1943
245 1 4 _aThe Palmy Days of Nance Oldfield
_h[electronic resource] /
_cEdward Robins
260 _bProject Gutenberg,
_c2004
506 _aPublic domain in the USA.
516 _aElectronic text
653 _aOldfield, Anne, 1683-1730
653 _aTheater -- Great Britain -- History -- 18th century
653 _aActors -- Great Britain -- Biography
830 0 _aProject Gutenberg
_v11717
856 4 0 _uhttp://www.gutenberg.org/ebooks/11717
942 _cEB
999 _c240972
_d240972